|
|
|
|
| LEADER |
00000nam a22000007a 4500 |
| 005 |
20180428004626.0 |
| 007 |
cr|||| |||| |
| 008 |
180428s2017 br |||||s|||| 00||0 por d |
| 020 |
|
|
|a 978-85-9597-013-7
|
| 035 |
|
|
|a 21523
|
| 040 |
|
|
|a vLex
|
| 090 |
|
|
|c 7829
|d 7829
|
| 245 |
0 |
0 |
|a Ct̀edra jean monnet da FGV Direito Rio
|h [Recurso electrn̤ico] /
|n Vol. 2
|
| 256 |
|
|
|a Servicio en ln̕ea
|
| 260 |
|
|
|a Rio de Janeiro:
|b FGV - Direito Rio,
|c 2017
|
| 300 |
|
|
|a 1 recurso electrn̤ico
|
| 506 |
1 |
|
|a Disponible solo en los productos indicados
|d vLex Global
|d vLex Global (Academic Edition, excluding Law Schools)
|d vLex Global (U.S. Academic Edition, Law Schools)
|d vLex Global (U.S. Academic Edition, excluding Law Schools)
|d vLex Global (Academic Edition, Law Schools)
|
| 650 |
0 |
4 |
|a Derecho Civil
|z Brasil
|
| 650 |
0 |
4 |
|a Derecho Mercantil y de la Empresa
|z Brasil
|
| 650 |
0 |
4 |
|a Derecho Laboral y Seguridad Social
|z Brasil
|
| 650 |
0 |
4 |
|a Derecho Pb︢lico y Administrativo
|z Brasil
|
| 740 |
0 |
|
|a vLex Libros (Servicio en ln̕ea)
|
| 856 |
4 |
0 |
|u http://vlex.com/source/catedra-jean-monnet-da-fgv-direito-rio-vol-2-21523
|z Acceso restringido
|
| 942 |
|
|
|c BOOK
|
| 999 |
0 |
|
|a Civil Law
|
| 999 |
0 |
|
|a Business and Company Law
|
| 999 |
0 |
|
|a Labor Law and Social Security
|
| 999 |
0 |
|
|a Public and Administrative Law
|